| 000 | 00761nam a22002177a 4500 | ||
|---|---|---|---|
| 999 |
_c10037 _d10037 |
||
| 003 | AR-CdUCM | ||
| 008 | 190329b ||||| |||| 00| 0 spa d | ||
| 040 |
_aMUNICIPALIDAD PROVINCIAL DEL CUSCO _cBIBLIOTECA MUNICIPAL DEL CUSCO |
||
| 082 |
_aES / 373.460 / _bM43 |
||
| 100 |
_aMérida Rojas, Alberto _926650 |
||
| 245 |
_aLenguaje Dinámico 2 : _bLiteratura y Comunicación / |
||
| 260 |
_aLima : _bUniverso S. A. |
||
| 300 |
_a287 páginas ; _bTablas, ilustraciones _c24cm |
||
| 500 | _a2do de Educación Secundaria | ||
| 505 | _aContenido: Cuento -- Poesía -- Sinónimos -- Anónimos -- Analogías... | ||
| 650 |
_aRazonamiento verbal _926651 |
||
| 650 |
_aComunicación _94985 |
||
| 650 |
_aLenguaje _93528 |
||
| 942 |
_2ddc _cLIBROS |
||
| 945 | _anom | ||